000 00618nam a2200217Ia 4500
005 20250508161817.0
008 008 250505s9999 xx 000 0 eng d
020 _a0-7216-8962-0
037 _aTextual
040 _aFEDL
_beng
_cFEDL
041 _aeng
_2eng
084 _a371.73, VAN
_qFEDL
100 _aVannler Maryhelen
_9771607
245 0 _aTeaching physical education in secondary schools
250 _a4th
260 _aPhiladelphia
_bW B Saunders Company
_c1975
300 _axvii,580p.
700 _a Fait Hillis F
_9771608
942 _cTEXL
_h371.73, VAN
999 _c1372362
_d1372362